01144nam a2200277 a 450000100100000000500170001000800410002702000180006804000250008608200200011110000420013124501320017326000310030530000360033650000480037250000460042050000210046650400410048765100580052865100370058670000480062370000390067104900150071095201260072599900150085100000373720200929150542.0090713s2007 dr ac r 000 0 spa d a9789592104747 aDO-SdBNPbspacBNPHU a972.9106bA319g1 aAlandro Cardoso, Mayra,d1958-91137313aLa guerra de liberación nacional en Cuba 1956-1959 /cMayra Alandro Cardoso, Servando Valdés Sánchez, Luis Rosado Eiró. aLa Habana :bAbril,c2007. a226 p. :bil., retrs. ;c24 cm. aIncluye datos biográficos de los autores. aIncluye notas al final de cada capítulo aIncluye índice aIncluye referencias bibliográficas 4aCubaxHistoriayREVOLUCIÓN, 1959xCampañas911374 4aCubaxHistoriay1933-19599113751 aValdés Sánchez, Servando,d1957-9113761 aRosado Eiró, Luis,d1949-911377 aEn proceso 001054708PDaGRbGRcCTd2009-07-13iLF1l0o972.9106 A319gp3737-10r2020-06-25w2020-06-25yLFPDZPréstamo en sala c3559d3559